MARC details
| 000 -LEADER |
| fixed length control field |
03118cam a2200505 i 4500 |
| 001 - CONTROL NUMBER |
| control field |
1263243526 |
| 003 - CONTROL NUMBER IDENTIFIER |
| control field |
OCoLC |
| 005 - DATE AND TIME OF LATEST TRANSACTION |
| control field |
20240527103041.0 |
| 008 - FIXED-LENGTH DATA ELEMENTS--GENERAL INFORMATION |
| fixed length control field |
210810t20212021ilu ob 000 0 eng d |
| 020 ## - INTERNATIONAL STANDARD BOOK NUMBER |
| International Standard Book Number |
9781949800227 |
| 020 ## - INTERNATIONAL STANDARD BOOK NUMBER |
| International Standard Book Number |
1949800229 |
| 020 ## - INTERNATIONAL STANDARD BOOK NUMBER |
| International Standard Book Number |
9781949800234 |
| 020 ## - INTERNATIONAL STANDARD BOOK NUMBER |
| International Standard Book Number |
1949800237 |
| 020 ## - INTERNATIONAL STANDARD BOOK NUMBER |
| International Standard Book Number |
9781949800241 |
| 020 ## - INTERNATIONAL STANDARD BOOK NUMBER |
| International Standard Book Number |
1949800245 |
| 035 ## - SYSTEM CONTROL NUMBER |
| System control number |
(OCoLC)1263243526 |
| 040 ## - CATALOGING SOURCE |
| Original cataloging agency |
ATL |
| Language of cataloging |
eng |
| Description conventions |
rda |
| Transcribing agency |
ATL |
| Modifying agency |
OCLCF |
| -- |
SNM |
| 049 ## - LOCAL HOLDINGS (OCLC) |
| Holding library |
SNMM |
| 245 00 - TITLE STATEMENT |
| Title |
Administration in theological libraries [electronic resource]: |
| Remainder of title |
the theological librarian's handbook; |
| Number of part/section of a work |
volume 2 / |
| Statement of responsibility, etc |
edited by Andrew Keck. |
| 260 ## - PUBLICATION, DISTRIBUTION, ETC. (IMPRINT) |
| Place of publication, distribution, etc |
Chicago, Ill. : |
| Name of publisher, distributor, etc |
American Theological Library Association (Atla), |
| Date of publication, distribution, etc |
c2021. |
| 300 ## - PHYSICAL DESCRIPTION |
| Extent |
1 online resource (103 pages) |
| 336 ## - CONTENT TYPE |
| Content Type Term |
text |
| Content Type Code |
txt |
| Source |
rdacontent. |
| 337 ## - MEDIA TYPE |
| Media Type Term |
computer |
| Media Type Code |
c |
| Source |
rdamedia. |
| 338 ## - CARRIER TYPE |
| Carrier Type Term |
online resource |
| Carrier Type Code |
cr |
| Source |
rdacarrier. |
| 490 1# - SERIES STATEMENT |
| Series statement |
The theological librarian's handbook |
| Volume number/sequential designation |
v.2. |
| 500 ## - GENERAL NOTE |
| General note |
This work is licensed under a Creative Commons Attribution-Non-Commercial 4.0 International License (CC-BY-NC): creativecommons.org/licenses/by-nc/4.0. |
| 504 ## - BIBLIOGRAPHY, ETC. NOTE |
| Bibliography, etc |
Includes bibliographical references. |
| 505 00 - FORMATTED CONTENTS NOTE |
| Title |
Library mission statements / |
| Statement of responsibility |
Amy Limpitlaw -- |
| Title |
National and international library regulations and standards / |
| Statement of responsibility |
Andrew Keck -- |
| Title |
Library policies and procedures / |
| Statement of responsibility |
Katharina Penner -- |
| Title |
Mentoring and supervising library staff in a theological library / |
| Statement of responsibility |
Jaeyeon Lucy Chung -- |
| Title |
Volunteers in libraries : friends or foes? / |
| Statement of responsibility |
Kelly Campbell -- |
| Title |
Theological library in the new normal environment : new dynamics of institutional relationship / |
| Statement of responsibility |
Reysa Alenzuela, Ma. Cynthia T. Pele�na -- |
| Title |
Planning and reporting / |
| Statement of responsibility |
Siong Ng -- |
| Title |
Forecasting your budget / |
| Statement of responsibility |
Cynthia Snell -- |
| Title |
Financial accounting and record-keeping / |
| Statement of responsibility |
T. Patrick Milas. |
| 520 ## - SUMMARY, ETC. |
| Summary, etc |
Models for the administration of theological libraries vary significantly based on size, location, culture, and context. Commonly, theological libraries must develop an internal administration of policies, procedures, and goals in relation to collection management, staffing/volunteers, planning, reporting, and budget, as well as administer external relationships to a broader institution, library consortia, and other stakeholders. The targeted audience for this volume includes those starting a new theology library or beginning a new position in administration with principles relevant to established libraries and library directors. |
| 650 #0 - SUBJECT ADDED ENTRY--TOPICAL TERM |
| Topical term or geographic name as entry element |
Theological libraries. |
| 650 #0 - SUBJECT ADDED ENTRY--TOPICAL TERM |
| Topical term or geographic name as entry element |
Library administration. |
| 650 #0 - SUBJECT ADDED ENTRY--TOPICAL TERM |
| Topical term or geographic name as entry element |
Library personnel management. |
| 650 #0 - SUBJECT ADDED ENTRY--TOPICAL TERM |
| Topical term or geographic name as entry element |
Leadership. |
| 650 #0 - SUBJECT ADDED ENTRY--TOPICAL TERM |
| Topical term or geographic name as entry element |
Open access publishing. |
| 650 #7 - SUBJECT ADDED ENTRY--TOPICAL TERM |
| Topical term or geographic name as entry element |
Leadership. |
| Source of heading or term |
fast |
| 650 #7 - SUBJECT ADDED ENTRY--TOPICAL TERM |
| Topical term or geographic name as entry element |
Library administration. |
| Source of heading or term |
fast |
| 650 #7 - SUBJECT ADDED ENTRY--TOPICAL TERM |
| Topical term or geographic name as entry element |
Library personnel management. |
| Source of heading or term |
fast |
| 650 #7 - SUBJECT ADDED ENTRY--TOPICAL TERM |
| Topical term or geographic name as entry element |
Open access publishing. |
| Source of heading or term |
fast |
| 650 #7 - SUBJECT ADDED ENTRY--TOPICAL TERM |
| Topical term or geographic name as entry element |
Theological libraries. |
| Source of heading or term |
fast |
| 655 #4 - INDEX TERM--GENRE/FORM |
| Genre/form data or focus term |
Electronic books |
| 700 1# - ADDED ENTRY--PERSONAL NAME |
| Personal name |
Keck, Andrew, |
| Relator term |
editor. |
| 830 #0 - SERIES ADDED ENTRY--UNIFORM TITLE |
| Uniform title |
Theological librarian's handbook |
| Volume number/sequential designation |
v.2. |
| 856 ## - ELECTRONIC LOCATION AND ACCESS |
| Uniform Resource Identifier |
<a href="https://drive.google.com/file/d/18YblSEN2HpwANAxxguXyVMoKXOnlyG0A/view?usp=drive_link">https://drive.google.com/file/d/18YblSEN2HpwANAxxguXyVMoKXOnlyG0A/view?usp=drive_link</a> |
| 942 ## - ADDED ENTRY ELEMENTS (KOHA) |
| Source of classification or shelving scheme |
Library of Congress Classification |
| Item type |
eBooks |